| 000 | 01675nam a2200481 i 4500 | ||
|---|---|---|---|
| 001 | 53089 | ||
| 003 | KOSZ 005 | ||
| 005 | 20191220100131.0 | ||
| 008 | 070131s2006 pl a f f |000 0 pol | ||
| 015 | _aPB 2007/2333 | ||
| 020 | _a8360200203 | ||
| 020 | _a9788360200209 | ||
| 035 | _a991032886129705066 | ||
| 035 | _a(PL-WaBN)b18816721-48omnis_nlop | ||
| 035 | _ab18816721 | ||
| 035 | _a(OCoLC)749232497 | ||
| 035 | _a(PL)b0000001881672 | ||
| 035 | _a(EXLNZ-48OMNIS_NETWORK)9910058924005606 | ||
| 040 |
_aWA N _cWA N _dKOSZ 005/HR |
||
| 046 | _k2006 | ||
| 080 | _a005 | ||
| 080 | _a(075.8) | ||
| 100 | 1 |
_aBudzisz, Bolesław _eAutor |
|
| 245 | 1 | 0 |
_aTeoria i praktyka zarządzania - wybrane zagadnienia. _nCz. 1 / _cBolesław Budzisz, Wiesław Urban, Anna Wasiluk ; Politechnika Białostocka. |
| 260 |
_aBiałystok : _bWydawnictwo Politechniki Białostockiej, _c2006. |
||
| 300 |
_a147 s. : _bil. ; _c23 cm. |
||
| 336 |
_2rdacontent _aTekst _btxt |
||
| 337 |
_2rdamedia _aBez urządzenia pośredniczącego _bn |
||
| 338 |
_2rdacarrier _aWolumin _bnc |
||
| 380 | _aKsiążki | ||
| 380 | _aPublikacje dydaktyczne | ||
| 385 |
_mPoziom nauczania _aSzkoły wyższe |
||
| 388 | _a2001- | ||
| 504 | _aBibliogr. s. 144-147 i przy rozdz. | ||
| 650 | 7 |
_aZarządzanie _2DBN |
|
| 655 | 7 |
_aPodręczniki akademickie _2DBN |
|
| 658 | _aZarządzanie i marketing | ||
| 700 | 1 |
_aWasiluk, Anna _c(organizacja i zarządzanie) _eAutor |
|
| 700 | 1 |
_aUrban, Wiesław _c(ekonomia) _eAutor |
|
| 856 |
_uhttp://koha.tu.koszalin.pl/cgi-bin/koha/opac-detail.pl?biblionumber=53089 _yKatalog online BPK |
||
| 942 |
_2UKD _cKS |
||
| 999 |
_c53089 _d53089 |
||